Detalles MARC
| 000 -CABECERA |
| campo de control de longitud fija |
02522nam a2200313 4500 |
| 001 - NÚMERO DE CONTROL |
| campo de control |
113673 |
| 003 - IDENTIFICADOR DEL NÚMERO DE CONTROL |
| campo de control |
DR-UNIBE |
| 005 - FECHA Y HORA DE LA ÚLTIMA TRANSACCIÓN |
| campo de control |
20250604100517.0 |
| 008 - DATOS DE LONGITUD FIJA--INFORMACIÓN GENERAL |
| campo de control de longitud fija |
250526b1982 dr ||||| |||| 00| 0 spa d |
| 040 ## - FUENTE DE LA CATALOGACIÓN |
| Centro catalogador/agencia de origen |
BIBLIOTECA UNIBE |
| Lengua de catalogación |
spa |
| Centro/agencia transcriptor |
BIBLIOTECA UNIBE |
| Normas de descripción |
rda |
| 041 ## - CÓDIGO DE LENGUA |
| Código de lengua del texto/banda sonora o título independiente |
spa |
| 082 ## - NÚMERO DE LA CLASIFICACIÓN DECIMAL DEWEY |
| Número de edición |
22 |
| Número de clasificación |
RD 972.93063 E79 1982 |
| 245 14 - MENCIÓN DE TÍTULO |
| Título |
Los Estados Unidos y Trujillo : |
| Resto del título |
colección de documentos del departamento de estado y de las Fuerzas Armadas norteamericanas : año 1946 / |
| Mención de responsabilidad, etc. |
editor: Bernardo Vega ; composición y diagramación: Ninón León de Saleme ; edición: José Chez Checo ; índice onomástico: José Alcántara Almánzar |
| 250 ## - MENCIÓN DE EDICIÓN |
| Mención de edición |
Primera edición |
| 260 ## - PUBLICACIÓN, DISTRIBUCIÓN, ETC. |
| Lugar de publicación, distribución, etc. |
Santo Domingo : |
| Nombre del editor, distribuidor, etc. |
Fundación Cultural Dominicana, |
| Fecha de publicación, distribución, etc. |
1982 |
| 300 ## - DESCRIPCIÓN FÍSICA |
| Extensión |
2 tomos : |
| Otras características físicas |
fotos en b/n : |
| Dimensiones |
26 x 19 cm |
| 505 ## - NOTA DE CONTENIDO CON FORMATO |
| Nota de contenido con formato |
Tomo I.<br/>Introducción a los tomos correspondientes a 1946 (Lic. Bernardo Vega) |<br/>Cronología de eventos |<br/>Lista de algunos personajes mencionados en los documentos |<br/>Fotografías de los personajes |<br/>Análisis de la política norteamericana para América latina en 1946 (Lic. Bernardo Vega) |<br/>El acercamiento de Trujillo a los comunistas (Lic. Bernardo Vega) |<br/>Los cabilderos de Trujillo (Lic. Bernardo Vega), 67 |<br/>Las armas brasileñas (Lic. Bernardo Vega) |<br/>Los complots de Trujillo contra Betancourt y Grau en 1946 |<br/>Índice de abreviaturas utilizadas |<br/>Índice de los documentos correspondientes a 1946 |<br/>Reproducción de documentos |<br/>Índice onomástico.<br/>Tomo I.<br/>Introducción al Tomo II |<br/>Trabajo - Comunismo en la República Dominicana. Reporte del FBI |<br/>El regimen trujillista en la República Dominicana (1930-1946). Reporte del Departamento de Estado |<br/>Índice onomástico |
| 600 #7 - PUNTO DE ACCESO ADICIONAL DE MATERIA--NOMBRE DE PERSONA |
| Nombre de persona |
Trujillo Molina, Rafael Leonidas, |
| Fechas asociadas al nombre |
1891-1961 |
| 9 (RLIN) |
39608 |
| 651 #7 - PUNTO DE ACCESO ADICIONAL DE MATERIA--NOMBRE GEOGRÁFICO |
| Fuente del encabezamiento o término |
lemb |
| Nombre geográfico |
República Dominicana |
| Subdivisión general |
Historia |
| Subdivisión cronológica |
Era de Trujillo 1930-1061 |
| 9 (RLIN) |
195888 |
| 651 #7 - PUNTO DE ACCESO ADICIONAL DE MATERIA--NOMBRE GEOGRÁFICO |
| Fuente del encabezamiento o término |
lemb |
| Nombre geográfico |
República Dominicana |
| Subdivisión general |
Historia |
| Subdivisión de forma |
Fuentes |
| 9 (RLIN) |
30123 |
| 651 #7 - PUNTO DE ACCESO ADICIONAL DE MATERIA--NOMBRE GEOGRÁFICO |
| Nombre geográfico |
Estados Unidos |
| Subdivisión general |
Relaciones exteriores |
| Subdivisión geográfica |
República Dominicana |
| Subdivisión de forma |
Fuentes |
| 9 (RLIN) |
195889 |
| 651 #7 - PUNTO DE ACCESO ADICIONAL DE MATERIA--NOMBRE GEOGRÁFICO |
| Fuente del encabezamiento o término |
lemb |
| Nombre geográfico |
República Dominicana |
| Subdivisión general |
Política y gobierno |
| 651 #7 - PUNTO DE ACCESO ADICIONAL DE MATERIA--NOMBRE GEOGRÁFICO |
| Fuente del encabezamiento o término |
lemb |
| Nombre geográfico |
República Dominicana |
| Subdivisión general |
Relaciones exteriores |
| Subdivisión geográfica |
Estados Unidos |
| Subdivisión de forma |
Fuentes |
| 9 (RLIN) |
195895 |
| 700 10 - PUNTO DE ACCESO ADICIONAL--NOMBRE DE PERSONA |
| Nombre de persona |
Vega, Bernardo, |
| Fechas asociadas al nombre |
1938- |
| 9 (RLIN) |
1421 |
| Término indicativo de función/relación |
editor |
| 700 10 - PUNTO DE ACCESO ADICIONAL--NOMBRE DE PERSONA |
| Nombre de persona |
Chez Checo, José |
| Forma completa/desarrollada del nombre |
(Chez Checo, José Felipe), |
| Fechas asociadas al nombre |
1949- |
| 9 (RLIN) |
193932 |
| Término indicativo de función/relación |
cuidado de la edición |
| 700 10 - PUNTO DE ACCESO ADICIONAL--NOMBRE DE PERSONA |
| Nombre de persona |
León de Saleme, Ninón |
| Término indicativo de función/relación |
diagramador |
| Forma completa/desarrollada del nombre |
composición |
| 9 (RLIN) |
195891 |
| 700 10 - PUNTO DE ACCESO ADICIONAL--NOMBRE DE PERSONA |
| Nombre de persona |
Alcántara Almánzar, José, |
| Fechas asociadas al nombre |
1946- |
| 9 (RLIN) |
4696 |
| Término indicativo de función/relación |
índice onomástico |
| 942 ## - ELEMENTOS DE PUNTO DE ACCESO ADICIONAL (KOHA) |
| Fuente del sistema de clasificación o colocación |
Sistema de Clasificación Decimal Dewey |
| Tipo de ítem Koha |
Libro (general) |